00676nam a2200181Ia 4500001001000000003000500010008004100015010001100056040000900067100002600076245020400102260003900306300001000345502005200355650002400407650002900431710003400460Para_9665CHAP220125s9999 xx 000 0 und d a208341 cCHAP aLópez Cruz, Ignacio aIdentificación, dinamíca poblacional y parasitoides de dos lepidopteros plaga de zarzamora, Rubus fruticosus L., en tres regiones productoras del estado de Michoacán /c Ignacio López Cruz. aMorelia, Mich. :b el autor, 2009 a61 h. aTesis (Biólogo) UMSNH. Facultad de biología aPlagasxtortricidae aZarzamorax enfermedades aUMSNH. Facultad de Biología